Solitons (Record no. 56310)
[ view plain ]
| 000 -LEADER | |
|---|---|
| fixed length control field | 00600 a2200217 4500 |
| 020 ## - INTERNATIONAL STANDARD BOOK NUMBER | |
| International Standard Book Number | 354009962X |
| 041 ## - LANGUAGE CODE | |
| Language code of text/sound track or separate title | Eng. |
| 082 ## - DEWEY DECIMAL CLASSIFICATION NUMBER | |
| Classification number | 530.12 |
| Item number | B876s |
| 100 ## - MAIN ENTRY--PERSONAL NAME | |
| Personal name | Bullough, R. K. , ed. |
| 9 (RLIN) | 14559 |
| 100 ## - MAIN ENTRY--PERSONAL NAME | |
| Personal name | Calldrey, P. J. , ed. |
| 9 (RLIN) | 14560 |
| 245 ## - TITLE STATEMENT | |
| Title | Solitons |
| 260 ## - PUBLICATION, DISTRIBUTION, ETC. | |
| Place of publication, distribution, etc. | Berlin |
| Name of publisher, distributor, etc. | Springer Verlag |
| Date of publication, distribution, etc. | 1980 |
| 300 ## - PHYSICAL DESCRIPTION | |
| Extent | xviii, 389p. illus |
| 440 ## - SERIES STATEMENT/ADDED ENTRY--TITLE | |
| Title | Topics in current pshysics |
| Number of part/section of a work | 17 |
| 9 (RLIN) | 14561 |
| 504 ## - BIBLIOGRAPHY, ETC. NOTE | |
| Bibliography, etc. note | Bibliography at the end of each chapter |
| 650 ## - SUBJECT ADDED ENTRY--TOPICAL TERM | |
| Topical term or geographic name entry element | Wave mechanics |
| 9 (RLIN) | 7867 |
| 650 ## - SUBJECT ADDED ENTRY--TOPICAL TERM | |
| Topical term or geographic name entry element | Mathematical physics |
| 9 (RLIN) | 7582 |
| 650 ## - SUBJECT ADDED ENTRY--TOPICAL TERM | |
| Topical term or geographic name entry element | Equations |
| 9 (RLIN) | 605 |
| 653 ## - INDEX TERM--UNCONTROLLED | |
| Uncontrolled term | Physics |
| 942 ## - ADDED ENTRY ELEMENTS (KOHA) | |
| Source of classification or shelving scheme | Dewey Decimal Classification |
| Koha item type | General Collections |
No items available.
